000 00942nam a2200373Ia 4500
001 28769
005 20240114001104.0
007 ta
008 060617s1906 g b000 u 465 u
040 _aCotton College,Assam
041 _a465
082 _a186.2
_bP 746 P
100 _aStewart , Aubrey .
245 0 _aPlutarch`s Lives /
_cAubrey Stewart & George Long.
_hTextual Documents
250 _a1st ed. /
260 _aLondon :
_bG Bell & Sons ,
_c1906.
300 _a487p. ;
_c18cm.
362 _aVol. III-
653 _aPlutarch`s Lives
653 _aPhilosophy-Plutarch`s
653 _aG-Philosophy
653 _aT/G-Ethics
653 _aT/G-Ethics
653 _aT/G-Ethics
653 _aT/G-Ethics
653 _aReference section
700 _aLong, George .
942 _2ddc
_cBK
999 _c28751
_d28751